The football book: (Record no. 45359)
[ view plain ]
| 000 -LEADER | |
|---|---|
| fixed length control field | 00764nam a22002054a 4500 |
| 005 - DATE AND TIME OF LATEST TRANSACTION | |
| control field | 20100913121731.0 |
| 020 ## - INTERNATIONAL STANDARD BOOK NUMBER | |
| International Standard Book Number | 9781405351775 |
| Terms of availability | 899.00 |
| 037 ## - SOURCE OF ACQUISITION | |
| Source of stock number/acquisition | Pansy Books |
| 082 00 - DEWEY DECIMAL CLASSIFICATION NUMBER | |
| Classification number | 796.33 |
| 100 ## - MAIN ENTRY--PERSONAL NAME | |
| Personal name | Goldblatt, David |
| 245 10 - TITLE STATEMENT | |
| Title | The football book: |
| Statement of responsibility, etc | by David Goldblatt (and) Johnny Acton |
| Remainder of title | the leagues, teh teams, the tactics, the laws / |
| 260 ## - PUBLICATION, DISTRIBUTION, ETC. (IMPRINT) | |
| Name of publisher, distributor, etc | Dorling Kindersley |
| Date of publication, distribution, etc | 2009 |
| Place of publication, distribution, etc | London |
| 270 ## - ADDRESS | |
| Address | 80 Strand |
| City | London |
| 300 ## - PHYSICAL DESCRIPTION | |
| Extent | 400p. |
| Other physical details | photos |
| Dimensions | 26cm(Hb) |
| 500 ## - GENERAL NOTE | |
| General note | Includes glossary and index |
| 700 ## - ADDED ENTRY--PERSONAL NAME | |
| Personal name | Acton, Johnny |
| 9 (RLIN) | 19698 |
| 942 ## - ADDED ENTRY ELEMENTS (KOHA) | |
| Source of classification or shelving scheme | Dewey Decimal Classification |
| Item type | English Books |
| Classification part | 796.33 |
| Call number suffix | GOL |
| Withdrawn status | Lost status | Not for loan | Collection code | Home library | Current library | Date acquired | Cost, normal purchase price | Full call number | Copy number | Cost, replacement price | Koha item type |
|---|---|---|---|---|---|---|---|---|---|---|---|
| Ordered | Non-fiction | Andrews Gunj | Andrews Gunj | 13/09/2010 | 899.00 | 796.33 GOL | 1 | 899.00 | English Books |
